• 首页
  • 本馆介绍
  • 公告通知
  • 最新文献
  • 馆藏检索
  • 电子资源
  • 读者导购
  • 参考咨询
  • 我的图书馆
  • 登录
  • 详细信息显示
  • 放入我的书架
  • 预约/预借图书
  • 作者相关作品
  • 分类相关作品
  • 丛书相关作品
  • 出版社相关作品

书目信息

  • 表格格式
  • 工作单格式
  • 卡片格式
题名:
中国百科年鉴
    
 
作者: ;中国大百科全书委会 编
分册: 1981  
出版信息: 上海   中国大百科全书出版社  1981.7
页数: 609页
开本: 24cm
丛书名:
单 册:
中图分类: Z52
科图分类:
主题词: 年鉴--中国 , 年刊--中国 , 年报--中国
电子资源:
ISBN:
000 00692nam0 2200229 45
001 0181015435
005 20061125105230.56
010    @dCNY4.60
100    @a20810111d km y0chiy0120 ea
101 0  @achi
102    @aCN@b310000
200 1  @a中国百科年鉴@Azhong guo bai ke nian jian@h1981@f中国大百科全书委会编@Fzhong guo da bai ke quan shu wei hui bian
205    @a缩印本
210    @a上海@c中国大百科全书出版社@d1981.7
215    @a609页@d24cm
606 0  @a年鉴@x中国
606 0  @a年刊@x中国
606 0  @a年报@x中国
690    @aZ52@v3
711  0 @a中国大百科全书委会@Azhong guo da bai ke quan shu wei hui@4编
801    @aCN@bTSTC@c20061125
905    @dZ52@e12(1981)@f2@b63069-70
    
    中国百科年鉴.1981/中国大百科全书委会编.-缩印本.-上海:中国大百科全书出版社,1981.7
    609页;24cm
    
    
    ISBN :CNY4.60
    
●
相关链接 在E读中查询图书 在五车中查询图书 在当当中查询图书 在豆瓣中查询图书


正题名:中国百科年鉴     索取号:Z52/12(1981)         预约/预借

序号 登录号 条形码 馆藏地/架位号 状态 备注
1 0063069   001558460   第二样本阅览室/ [索取号:Z52/12(1981)] 在馆    
2 0420302   204203021   密集书库/ [索取号:Z52/12(1981)] 在馆    
唐山师范学院图书馆 欢迎您!
大连网信软件有限公司© 版权所有